000 00811cam a2200205 i 4500
005 20260125113930.0
008 250721s2023 jo gr 000 0 ara d
020 _a9789957164584
082 1 4 _a346.02
_bس ر ح
100 1 _aالسرحان، عدنان ابراهيم
_eمؤلف.
245 1 0 _aشرح القانون المدني العقود المسماة :
_bالمقاولة. الوكالة. الكفالة /
_cالأستاذ الدكتور عدنان إبراهيم السرحان.
250 _aالطبعة السابعة.
264 3 1 _aعمان :
_bدار الثقافة للنشر و التوزيع،
_c2023.
300 _a302 صفحة.
650 1 7 _aالقانون.
650 1 7 _aالعقود.
650 1 7 _aالالتزامات.
942 _2ddc
_cBK
999 _c144701
_d144701